Vista normal
Vista MARC
Entrada Meeting Name
Número de registros utilizados en: 1
001 - CONTROL NUMBER
- control field: 38376
003 - CONTROL NUMBER IDENTIFIER
- control field: OSt
005 - DATE AND TIME OF LATEST TRANSACTION
- control field: 20210628185654.0
008 - FIXED-LENGTH DATA ELEMENTS
- fixed length control field: 210628|| aca||aabn | a|a d
040 ## - CATALOGING SOURCE
- Original cataloging agency: OSt
- Transcribing agency: OSt
111 ## - HEADING--MEETING NAME
- Meeting name or jurisdiction name as entry element: Congreso de Economía Agrícola de América Latina y el Caribe
- Number of part/section/meeting: 3er :
- Date of meeting or treaty signing: 1990 :
- Location of meeting: Cartagena)
670 ## - SOURCE DATA FOUND
- Source citation: Work cat.: (OSt)7939: 15873, De la crisis al crecimiento : , 1991